La evaluación de programas sociales
Guardat en:
| Autor principal: | |
|---|---|
| Format: | Llibre |
| Idioma: | espanyol |
| Publicat: |
San José
Universidad Estatal a Distancia
1991
|
| Matèries: | |
| Etiquetes: |
Afegir etiqueta
Sense etiquetes, Sigues el primer a etiquetar aquest registre!
|
MARC
| LEADER | 00000nam a2200000 a 4500 | ||
|---|---|---|---|
| 001 | UCZ6643 | ||
| 003 | CL-VaPUC | ||
| 008 | 951214e19910000CR |||||||||||||||||spa|d | ||
| 020 | |a 9977645507 | ||
| 082 | 0 | 4 | |a 301 |b PIC |2 21 |
| 100 | 0 | |a Picado, Xinia |e author |9 351054 | |
| 245 | 1 | 3 | |a La evaluación de programas sociales |
| 300 | |a 96 p | ||
| 942 | |c BK | ||
| 945 | |d 19951214 00:00:00 |a rleighto | ||
| 260 | |a San José |b Universidad Estatal a Distancia |c 1991 | ||
| 650 | 7 | |a PROGRAMAS SOCIALES |2 CL-VaPUC |9 324718 | |
| 650 | 7 | |a PLANIFICACION |2 CL-VaPUC |9 260802 | |
| 650 | 0 | |a Evaluación de proyectos |9 259341 | |
| 650 | 7 | |a EVALUACION DE PROGRAMAS |2 CL-VaPUC |9 351055 | |
| 583 | |a last modification |c 20160311 00:03:12 |k Rodrigo Vera | ||
| 999 | |c 242835 |d 242833 | ||
| 952 | |0 0 |1 0 |4 0 |6 301_000000000000000_PIC_1991 |7 0 |8 A |9 256076 |a BIBEDU |b BIBEDU |d 2019-11-19 |i 4225333 |l 2 |o 301 PIC 1991 |p 4225333 |r 2022-12-12 |s 2022-12-01 |w 2019-11-19 |y BK |k EDU | ||